A critical Study on harper lee's ''to killa mocking bird'' / (Record no. 40369)
[ view plain ]
| 000 -LEADER | |
|---|---|
| fixed length control field | 00732nam a22002177a 4500 |
| 005 - DATE AND TIME OF LATEST TRANSACTION | |
| control field | 20100809111224.0 |
| 010 ## - LCCN (DPL NO) | |
| LC control number | ENG-98981 |
| 020 ## - INTERNATIONAL STANDARD BOOK NUMBER | |
| Terms of availability | 45.00 |
| 035 ## - SYSTEM CONTROL NUMBER | |
| System control number | EN-82513 |
| 037 ## - SOURCE OF ACQUISITION | |
| Source of stock number/acquisition | DBAD/PUB |
| 082 ## - DEWEY DECIMAL CLASSIFICATION NUMBER | |
| Classification number | 808.9 |
| 100 ## - MAIN ENTRY--PERSONAL NAME | |
| Personal name | Annal, G. |
| 245 ## - TITLE STATEMENT | |
| Title | A critical Study on harper lee's ''to killa mocking bird'' / |
| Statement of responsibility, etc | by G. Annal |
| 260 ## - PUBLICATION, DISTRIBUTION, ETC. (IMPRINT) | |
| Place of publication, distribution, etc | Vriddhachalam |
| Name of publisher, distributor, etc | Andrew Sam Publications |
| Date of publication, distribution, etc | 2008 |
| 270 ## - ADDRESS | |
| Address | 17/F, Krishna Nagar, Betheale Street |
| City | Vriddhachalam |
| Postal code | 606001 |
| 300 ## - PHYSICAL DESCRIPTION | |
| Extent | 51 p. |
| Dimensions | 21 cm. (Pbk) |
| 700 ## - ADDED ENTRY--PERSONAL NAME | |
| 9 (RLIN) | 7380 |
| 700 ## - ADDED ENTRY--PERSONAL NAME | |
| 9 (RLIN) | 9334 |
| 942 ## - ADDED ENTRY ELEMENTS (KOHA) | |
| Source of classification or shelving scheme | Dewey Decimal Classification |
| Item type | English Books |
| Call number suffix | ANN |
| Classification part | 808.9 |
| Withdrawn status | Lost status | Not for loan | Collection code | Home library | Current library | Date acquired | Cost, normal purchase price | Full call number | Barcode | Copy number | Cost, replacement price | Koha item type |
|---|---|---|---|---|---|---|---|---|---|---|---|---|
| Not For Loan | Non-fiction | D.B.Act.Division | D.B.Act.Division | 09/08/2010 | 45.00 | 808.9 ANN | EN-82513 | 1 | 45.00 | English Books |
